[Event "ESP-chT Div Honor"]
[Site "Monzon"]
[Date "2016.09.26"]
[Round "1.1"]
[White "Cuenca Jimenez, Jose Fernando"]
[Black "Kuzubov, Yuriy"]
[Result "0-1"]
[WhiteElo "2529"]
[BlackElo "2629"]
[PlyCount "74"]
[EventDate "2016.09.26"]
[EventType "team-tourn"]
[EventRounds "7"]
[EventCountry "ESP"]
[SourceTitle "CBM 174 Extra"]
[Source "ChessBase"]
[SourceDate "2016.10.10"]
[SourceVersion "1"]
[SourceVersionDate "2016.10.10"]
[SourceQuality "1"]
[WhiteTeam "Atocha VTI Chess24"]
[BlackTeam "Jaime Casas"]
[WhiteTeamCountry "ESP"]
[BlackTeamCountry "ESP"]

1. d4 Nf6 2. c4 e6 3. g3 d5 4. Nf3 Be7 5. Bg2 O-O 6. O-O dxc4 7. Qc2 a6 8. a4
Bd7 9. Qxc4 Bc6 10. Bf4 Bd6 11. Qc1 a5 12. Nc3 Na6 13. Bg5 h6 14. Bh4 Bxf3 15.
Bxf3 c6 16. e4 e5 17. dxe5 Bxe5 18. Bg2 Qb6 19. Bxf6 Bxf6 20. Qc2 Nc5 21. Kh1
Qb3 22. Rfc1 Rfd8 23. Nd5 Bd4 24. Ne7+ Kf8 25. Nf5 Qxc2 26. Rxc2 Nd3 27. Nxd4
Rxd4 28. b3 Rad8 29. Kg1 Ke7 30. Rc3 Nb4 31. Re1 Rd3 32. Re3 Rxc3 33. Rxc3 Rd3
34. Rc5 b6 35. Re5+ Kf8 36. Bh3 g6 37. Bg4 Rd6 0-1

[Event "ESP-chT Div Honor"]
[Site "Monzon"]
[Date "2016.09.27"]
[Round "2.3"]
[White "Cuenca Jimenez, Jose Fernando"]
[Black "Quesada Perez, Yuniesky"]
[Result "1/2-1/2"]
[WhiteElo "2529"]
[BlackElo "2636"]
[PlyCount "63"]
[EventDate "2016.09.26"]
[EventType "team-tourn"]
[EventRounds "7"]
[EventCountry "ESP"]
[SourceTitle "CBM 174 Extra"]
[Source "ChessBase"]
[SourceDate "2016.10.10"]
[SourceVersion "1"]
[SourceVersionDate "2016.10.10"]
[SourceQuality "1"]
[WhiteTeam "Atocha VTI Chess24"]
[BlackTeam "Equigoma Social Catolica"]
[WhiteTeamCountry "ESP"]
[BlackTeamCountry "ESP"]

1. e4 c5 2. Nf3 e6 3. d4 cxd4 4. Nxd4 Nc6 5. Nc3 Qc7 6. Be3 a6 7. Bd3 Nf6 8.
O-O Ne5 9. Be2 b5 10. f4 Nc4 11. Bxc4 Qxc4 12. e5 Nd5 13. Nxd5 Qxd5 14. Qe2 Bb7
15. Rad1 Rc8 16. Qf2 g6 17. Nb3 Qe4 18. c3 Be7 19. Rd2 Bd5 20. Nc5 Qxg2+ 21.
Qxg2 Bxg2 22. Kxg2 Bxc5 23. Bxc5 Rxc5 24. Rd6 g5 25. Rxa6 Ke7 26. f5 Rhc8 27.
f6+ Kd8 28. Rd1 Rxe5 29. Ra7 Rc7 30. Ra8+ Rc8 31. Ra7 Rc7 32. Ra8+ 1/2-1/2

[Event "ESP-chT Div Honor"]
[Site "Monzon"]
[Date "2016.09.28"]
[Round "3.2"]
[White "Saric, Ivan"]
[Black "Cuenca Jimenez, Jose Fernando"]
[Result "1/2-1/2"]
[WhiteElo "2668"]
[BlackElo "2529"]
[PlyCount "110"]
[EventDate "2016.09.26"]
[EventType "team-tourn"]
[EventRounds "7"]
[EventCountry "ESP"]
[SourceTitle "CBM 174 Extra"]
[Source "ChessBase"]
[SourceDate "2016.10.10"]
[SourceVersion "1"]
[SourceVersionDate "2016.10.10"]
[SourceQuality "1"]
[WhiteTeam "Merida Patrimonio"]
[BlackTeam "Atocha VTI Chess24"]
[WhiteTeamCountry "ESP"]
[BlackTeamCountry "ESP"]

1. e4 c5 2. Nf3 d6 3. d4 cxd4 4. Nxd4 Nf6 5. Nc3 g6 6. Be3 Bg7 7. f3 O-O 8. Qd2
Nc6 9. Bc4 Bd7 10. Bb3 Rc8 11. h4 Ne5 12. h5 Nc4 13. Bxc4 Rxc4 14. O-O-O Qc7
15. hxg6 fxg6 16. Bh6 Nxe4 17. Qe3 Rxc3 18. bxc3 Bxh6 19. Rxh6 Nxc3 20. Rdh1
Rf7 21. Rxh7 Rxh7 22. Rxh7 Nxa2+ 23. Kd1 Nc3+ 24. Ke1 Nd5 25. Qh6 Qc3+ 26. Kf1
Qa1+ 27. Ke2 Nf4+ 28. Qxf4 Kxh7 29. Qf7+ Kh6 30. Qf8+ Kh7 31. Qxe7+ Kh6 32. Qf6
Kh7 33. g4 Bb5+ 34. Kd2 Bc4 35. Qe7+ Kg8 36. Qd8+ Kg7 37. Qd7+ Kh8 38. Qxd6
Qa5+ 39. c3 Qa6 40. Qf8+ Kh7 41. Ke3 Qa5 42. Qe7+ Kh8 43. Qe8+ Kg7 44. Qd7+ Bf7
45. Nb5 a6 46. Qd4+ Kg8 47. Nd6 Qg5+ 48. Kd3 Qd5 49. Ne4 Kf8 50. c4 Qxd4+ 51.
Kxd4 Ke7 52. f4 b5 53. cxb5 axb5 54. Kc5 Be6 55. Nf2 Bd7 1/2-1/2

[Event "ESP-chT Div Honor"]
[Site "Monzon"]
[Date "2016.09.29"]
[Round "4.3"]
[White "Cuenca Jimenez, Jose Fernando"]
[Black "Antipov, Mikhail Al"]
[Result "0-1"]
[WhiteElo "2529"]
[BlackElo "2550"]
[PlyCount "70"]
[EventDate "2016.09.26"]
[EventType "team-tourn"]
[EventRounds "7"]
[EventCountry "ESP"]
[SourceTitle "CBM 174 Extra"]
[Source "ChessBase"]
[SourceDate "2016.10.10"]
[SourceVersion "1"]
[SourceVersionDate "2016.10.10"]
[SourceQuality "1"]
[WhiteTeam "Atocha VTI Chess24"]
[BlackTeam "Magic Extremadura"]
[WhiteTeamCountry "ESP"]
[BlackTeamCountry "ESP"]

1. e4 c5 2. Nf3 Nc6 3. d4 cxd4 4. Nxd4 e6 5. Nc3 Qc7 6. Be3 a6 7. Bd3 Bd6 8.
Qg4 Be5 9. Nxc6 Qxc6 10. O-O h5 11. Qg5 Bf6 12. Qf4 d6 13. a4 Bd7 14. Rfd1 Ne7
15. Bf1 e5 16. Qg3 Be6 17. Bg5 h4 18. Qe3 Rd8 19. Ra3 Bxg5 20. Qxg5 Qb6 21. Nd5
Bxd5 22. exd5 Kf8 23. Rb3 Qc7 24. Qe3 g6 25. Rdd3 Kg7 26. Qa7 Rb8 27. Rdc3 Qd7
28. Bxa6 Nxd5 29. Rc4 h3 30. Rxb7 Qf5 31. Rc3 Nxc3 32. Rxb8 Qg5 33. Bf1 Ne2+
34. Kh1 hxg2+ 35. Bxg2 Qc1+ 0-1

[Event "ESP-chT Div Honor"]
[Site "Monzon"]
[Date "2016.09.30"]
[Round "5.3"]
[White "Ganguly, Surya Shekhar"]
[Black "Cuenca Jimenez, Jose Fernando"]
[Result "1-0"]
[WhiteElo "2672"]
[BlackElo "2529"]
[PlyCount "65"]
[EventDate "2016.09.26"]
[EventType "team-tourn"]
[EventRounds "7"]
[EventCountry "ESP"]
[SourceTitle "CBM 174 Extra"]
[Source "ChessBase"]
[SourceDate "2016.10.10"]
[SourceVersion "1"]
[SourceVersionDate "2016.10.10"]
[SourceQuality "1"]
[WhiteTeam "Solvay"]
[BlackTeam "Atocha VTI Chess24"]
[WhiteTeamCountry "ESP"]
[BlackTeamCountry "ESP"]

1. e4 c5 2. Nf3 d6 3. d4 cxd4 4. Nxd4 Nf6 5. Nc3 g6 6. Be3 Bg7 7. f3 O-O 8. Qd2
Nc6 9. O-O-O d5 10. Qe1 e5 11. Nxc6 bxc6 12. exd5 Nxd5 13. Bc4 Be6 14. Kb1 Rb8
15. Ne4 f5 16. Bxa7 Ra8 17. Bc5 Rf7 18. Bb3 fxe4 19. fxe4 Rd7 20. exd5 Bxd5 21.
Bb4 Qc7 22. Qe3 Qb7 23. a3 Kh8 24. Rd2 Bxg2 25. Rhd1 Bd5 26. h4 Rad8 27. Qh3
Rf7 28. h5 gxh5 29. Qxh5 Rdd7 30. Ka1 h6 31. Bc3 Bf3 32. Rxd7 Bxh5 33. Bxf7 1-0

[Event "ESP-chT Div Honor"]
[Site "Monzon"]
[Date "2016.10.01"]
[Round "6.2"]
[White "Cuenca Jimenez, Jose Fernando"]
[Black "Rapport, Richard"]
[Result "0-1"]
[WhiteElo "2529"]
[BlackElo "2752"]
[PlyCount "76"]
[EventDate "2016.09.26"]
[EventType "team-tourn"]
[EventRounds "7"]
[EventCountry "ESP"]
[SourceTitle "CBM 174 Extra"]
[Source "ChessBase"]
[SourceDate "2016.10.10"]
[SourceVersion "1"]
[SourceVersionDate "2016.10.10"]
[SourceQuality "1"]
[WhiteTeam "Atocha VTI Chess24"]
[BlackTeam "Sestao Fundacion EDP"]
[WhiteTeamCountry "ESP"]
[BlackTeamCountry "ESP"]

1. d4 d5 2. c4 e6 3. Nf3 Nf6 4. g3 Bb4+ 5. Bd2 Bd6 6. Nc3 O-O 7. Qc2 Nc6 8. Bg2
dxc4 9. O-O a6 10. Ne4 Be7 11. e3 Nxe4 12. Qxe4 Rb8 13. Qc2 e5 14. Nxe5 Nxe5
15. dxe5 b5 16. Ba5 Bc5 17. b3 Qe7 18. bxc4 b4 19. Qb2 Bg4 20. h3 Be6 21. Rfc1
Rfd8 22. Kh2 h5 23. Qe2 h4 24. gxh4 Bf5 25. f4 Rd3 26. e4 Re3 27. Qf1 Bc8 28.
Re1 Ra3 29. h5 Rxa5 30. h6 Ra3 31. hxg7 Qh4 32. f5 Bd4 33. Rad1 Bxe5+ 34. Kh1
Bb7 35. Re2 Qg3 36. Qg1 Bc6 37. Bf1 Qxg1+ 38. Kxg1 Kxg7 0-1

[Event "ESP-chT Div Honor"]
[Site "Monzon"]
[Date "2016.10.02"]
[Round "7.4"]
[White "Gonzalez de la Torre, Santiago"]
[Black "Cuenca Jimenez, Jose Fernando"]
[Result "1-0"]
[WhiteElo "2459"]
[BlackElo "2529"]
[PlyCount "99"]
[EventDate "2016.09.26"]
[EventType "team-tourn"]
[EventRounds "7"]
[EventCountry "ESP"]
[SourceTitle "CBM 174 Extra"]
[Source "ChessBase"]
[SourceDate "2016.10.10"]
[SourceVersion "1"]
[SourceVersionDate "2016.10.10"]
[SourceQuality "1"]
[WhiteTeam "Gros Xake Taldea"]
[BlackTeam "Atocha VTI Chess24"]
[WhiteTeamCountry "ESP"]
[BlackTeamCountry "ESP"]

1. e4 e6 2. d4 d5 3. Nc3 Nf6 4. Bg5 Be7 5. e5 Nfd7 6. Bxe7 Qxe7 7. Qd2 a6 8.
Nd1 c5 9. c3 Nc6 10. f4 O-O 11. Nf3 f6 12. Nf2 b5 13. Bd3 Nb6 14. O-O Bd7 15.
exf6 gxf6 16. Rae1 cxd4 17. cxd4 Qg7 18. b3 Kh8 19. Bb1 f5 20. Rc1 Nc8 21. Ne5
Nxe5 22. dxe5 Na7 23. Rc7 Rfc8 24. Rfc1 Qe7 25. Qe3 Rxc7 26. Rxc7 Nc6 27. Qb6
Qd8 28. Rb7 Qc8 29. Nd3 Rb8 30. Rxb8 Nxb8 31. Nc5 Kg7 32. b4 Kf7 33. Bxf5 exf5
34. Qf6+ Kg8 35. e6 Qe8 36. Qg5+ Kh8 37. Qxf5 Bc6 38. Qe5+ Kg8 39. f5 Qf8 40.
f6 h6 41. Qg3+ Kh7 42. Qd3+ Kh8 43. Qg6 Be8 44. f7 Bxf7 45. exf7 Qg7 46. Qf5
Qd4+ 47. Kf1 Qd1+ 48. Kf2 Qd2+ 49. Kf3 Qc3+ 50. Nd3 1-0

[Event "SWE-chT 1617"]
[Site "Sweden"]
[Date "2017.03.04"]
[Round "6.3"]
[White "Johansson, Linus"]
[Black "Cuenca Jimenez, Jose Fernando"]
[Result "1/2-1/2"]
[WhiteElo "2399"]
[BlackElo "2529"]
[PlyCount "124"]
[EventDate "2016.10.14"]
[EventType "team-tourn"]
[EventRounds "9"]
[EventCountry "SWE"]
[SourceTitle "CBM 177 Extra"]
[Source "ChessBase"]
[SourceDate "2017.04.27"]
[SourceVersion "1"]
[SourceVersionDate "2017.04.27"]
[SourceQuality "1"]
[WhiteTeam "Limhamns"]
[BlackTeam "Lunds"]
[WhiteTeamCountry "SWE"]
[BlackTeamCountry "SWE"]

1. Nf3 Nf6 2. d4 g6 3. c4 Bg7 4. g3 O-O 5. Bg2 d6 6. O-O Nbd7 7. Nc3 e5 8. h3
exd4 9. Nxd4 Nb6 10. Qd3 Nfd7 11. b3 Nc5 12. Qd2 a5 13. Bb2 a4 14. Nd5 c6 15.
Nxb6 Qxb6 16. Rab1 axb3 17. axb3 Ra2 18. Qd1 Na4 19. bxa4 Rxb2 20. Rxb2 Qxb2
21. e3 Qc3 22. Qc1 Bxd4 23. exd4 Qxd4 24. Rd1 Qc5 25. Qf4 Be6 26. Qxd6 Qxd6 27.
Rxd6 Ra8 28. c5 Rxa4 29. Rd8+ Kg7 30. Rb8 Ra7 31. g4 g5 32. Be4 h6 33. f3 Kf6
34. Kf2 Ke5 35. Kg3 Kd4 36. h4 gxh4+ 37. Kxh4 Kxc5 38. Kh5 b5 39. Kxh6 b4 40.
Bxc6 Kxc6 41. Rxb4 Kd6 42. Kg7 Ke7 43. g5 Ra3 44. f4 Rg3 45. Kh6 Rg4 46. Rb7+
Ke8 47. Rb4 Kd7 48. Ra4 Kc6 49. Kg7 Kb5 50. Re4 Kc5 51. Ra4 Bd5 52. Ra5+ Kd4
53. Ra4+ Bc4 54. Rxc4+ Kxc4 55. Kxf7 Rxf4+ 56. Ke6 Re4+ 57. Kf6 Kd5 58. g6 Kd6
59. g7 Rg4 60. Kf7 Rf4+ 61. Ke8 Re4+ 62. Kf7 Rf4+ 1/2-1/2

[Event "Hamburg HSK GM"]
[Site "Hamburg"]
[Date "2016.10.24"]
[Round "1"]
[White "Cuenca Jimenez, Jose Fernando"]
[Black "Sebastian, Dirk"]
[Result "1/2-1/2"]
[WhiteElo "2529"]
[BlackElo "2454"]
[PlyCount "84"]
[EventDate "2016.10.24"]
[EventType "tourn"]
[EventRounds "9"]
[EventCountry "GER"]
[EventCategory "8"]
[SourceTitle "EXT 2018"]
[Source "ChessBase"]
[SourceDate "2017.10.13"]
[SourceVersion "1"]
[SourceVersionDate "2017.10.13"]
[SourceQuality "1"]

1. e4 e5 2. Nf3 Nc6 3. Bb5 a6 4. Ba4 g6 5. c3 d6 6. d4 Bd7 7. O-O Bg7 8. d5
Nce7 9. c4 h6 10. Bxd7+ Qxd7 11. Nc3 f5 12. Nd2 Nf6 13. f3 c6 14. Nb3 O-O 15.
Be3 fxe4 16. fxe4 Ng4 17. Qd3 b5 18. Nd2 Nxe3 19. Qxe3 bxc4 20. Nxc4 cxd5 21.
Nb6 Qa7 22. Ncxd5 Nxd5 23. Nxd5 Qxe3+ 24. Nxe3 Rf4 25. Nc4 Rxe4 26. Nxd6 Rd4
27. Rfd1 e4 28. Kf1 Rb4 29. Rab1 Rf8+ 30. Ke2 Bxb2 31. Nc4 Rfb8 32. Rxb2 Rxb2+
33. Nxb2 Rxb2+ 34. Rd2 Rb4 35. Rd6 Rb2+ 36. Rd2 Rb4 37. Rd6 Kf7 38. Rxa6 Rb2+
39. Kf1 e3 40. Ra3 Rf2+ 41. Kg1 Re2 42. Kf1 Rf2+ 1/2-1/2

[Event "Hamburg HSK GM"]
[Site "Hamburg"]
[Date "2016.10.25"]
[Round "2"]
[White "Cuenca Jimenez, Jose Fernando"]
[Black "Ernst, Sipke"]
[Result "0-1"]
[WhiteElo "2529"]
[BlackElo "2540"]
[PlyCount "62"]
[EventDate "2016.10.24"]
[EventType "tourn"]
[EventRounds "9"]
[EventCountry "GER"]
[EventCategory "8"]
[SourceTitle "EXT 2018"]
[Source "ChessBase"]
[SourceDate "2017.10.13"]
[SourceVersion "1"]
[SourceVersionDate "2017.10.13"]
[SourceQuality "1"]

1. d4 d5 2. c4 c6 3. Nf3 Nf6 4. e3 g6 5. Nc3 Bg7 6. Be2 O-O 7. O-O e6 8. Qc2
Nbd7 9. b3 Re8 10. Ne5 Nxe5 11. dxe5 Nd7 12. f4 f6 13. exf6 Nxf6 14. Bb2 b6 15.
Rad1 Qe7 16. e4 d4 17. Nb1 e5 18. fxe5 Ng4 19. Bxg4 Bxg4 20. Rxd4 Rf8 21. Rc1
Bh6 22. Re1 Bf4 23. Bc3 Bxe5 24. Rd3 Qc5+ 25. Kh1 Rf2 26. Nd2 Raf8 27. Bxe5
Qxe5 28. h3 Bh5 29. Qc1 Be2 30. Qc3 Qf4 31. Re3 Rxg2 0-1

[Event "Hamburg HSK GM"]
[Site "Hamburg"]
[Date "2016.10.26"]
[Round "3"]
[White "Langrock, Hannes"]
[Black "Cuenca Jimenez, Jose Fernando"]
[Result "1/2-1/2"]
[WhiteElo "2396"]
[BlackElo "2529"]
[PlyCount "68"]
[EventDate "2016.10.24"]
[EventType "tourn"]
[EventRounds "9"]
[EventCountry "GER"]
[EventCategory "8"]
[SourceTitle "EXT 2018"]
[Source "ChessBase"]
[SourceDate "2017.10.13"]
[SourceVersion "1"]
[SourceVersionDate "2017.10.13"]
[SourceQuality "1"]

1. d4 Nf6 2. c4 g6 3. g3 Bg7 4. Bg2 O-O 5. Nc3 d6 6. Nf3 Nbd7 7. O-O e5 8. e4
a6 9. h3 b5 10. Qc2 b4 11. Nd5 c5 12. dxe5 Nxd5 13. cxd5 Nxe5 14. Nxe5 Bxe5 15.
Be3 a5 16. f4 Bg7 17. Rf2 Re8 18. Rd2 Bd7 19. Kh2 Rc8 20. Re1 f5 21. Bf2 fxe4
22. Rxe4 Rxe4 23. Bxe4 c4 24. Rd1 Qf6 25. Bd4 Qe7 26. Bxg7 Kxg7 27. Rd4 c3 28.
bxc3 bxc3 29. Bd3 Qe3 30. Re4 Qd2+ 31. Re2 Qxc2 32. Bxc2 Kf7 33. Kg2 Rb8 34.
Kf2 Rb2 1/2-1/2

[Event "Hamburg HSK GM"]
[Site "Hamburg"]
[Date "2016.10.27"]
[Round "4"]
[White "Cuenca Jimenez, Jose Fernando"]
[Black "Socko, Monika"]
[Result "1/2-1/2"]
[WhiteElo "2529"]
[BlackElo "2433"]
[PlyCount "49"]
[EventDate "2016.10.24"]
[EventType "tourn"]
[EventRounds "9"]
[EventCountry "GER"]
[EventCategory "8"]
[SourceTitle "EXT 2018"]
[Source "ChessBase"]
[SourceDate "2017.10.13"]
[SourceVersion "1"]
[SourceVersionDate "2017.10.13"]
[SourceQuality "1"]

1. e4 e6 2. d4 d5 3. Bd3 Nf6 4. e5 Nfd7 5. f4 c5 6. c3 Nc6 7. Nf3 Qb6 8. Bc2
cxd4 9. cxd4 Nb4 10. O-O Nxc2 11. Qxc2 Be7 12. Nc3 f5 13. Be3 O-O 14. Rfc1 Nb8
15. Na4 Qd8 16. a3 b6 17. b4 Bd7 18. Nb2 Nc6 19. Nd3 Rc8 20. Qb3 Be8 21. Rc3
Nb8 22. a4 Rxc3 23. Qxc3 Bh5 24. b5 Bxf3 25. gxf3 1/2-1/2

[Event "Hamburg HSK GM"]
[Site "Hamburg"]
[Date "2016.10.28"]
[Round "5"]
[White "Bracker, Frank"]
[Black "Cuenca Jimenez, Jose Fernando"]
[Result "1-0"]
[WhiteElo "2427"]
[BlackElo "2529"]
[PlyCount "79"]
[EventDate "2016.10.24"]
[EventType "tourn"]
[EventRounds "9"]
[EventCountry "GER"]
[EventCategory "8"]
[SourceTitle "EXT 2018"]
[Source "ChessBase"]
[SourceDate "2017.10.13"]
[SourceVersion "1"]
[SourceVersionDate "2017.10.13"]
[SourceQuality "1"]

1. e4 e6 2. d4 d5 3. Nd2 Nc6 4. Ngf3 Nf6 5. e5 Nd7 6. Nb3 a5 7. a4 b6 8. Bb5
Na7 9. Be2 c5 10. c3 Be7 11. h4 h6 12. Be3 Nc6 13. Bb5 Qc7 14. O-O c4 15. Nc1
Na7 16. Bxd7+ Bxd7 17. Ne2 b5 18. axb5 Bxb5 19. Nf4 g6 20. h5 g5 21. Ne2 Rb8
22. Nh2 Bd7 23. Bc1 f5 24. exf6 Bxf6 25. Ng4 Be7 26. f4 Nc6 27. Qc2 Kd8 28. Qg6
Kc8 29. Nxh6 Kb7 30. fxg5 e5 31. Be3 Be8 32. Nf7 Nd8 33. dxe5 Bxf7 34. Rxf7
Nxf7 35. Qxf7 Qxe5 36. Bf4 Qxe2 37. Qxd5+ Kb6 38. Qxa5+ Kc6 39. Qc7+ Kd5 40.
Ra5+ 1-0

[Event "Hamburg HSK GM"]
[Site "Hamburg"]
[Date "2016.10.28"]
[Round "6"]
[White "Cuenca Jimenez, Jose Fernando"]
[Black "Colpe, Malte"]
[Result "1-0"]
[WhiteElo "2529"]
[BlackElo "2397"]
[PlyCount "45"]
[EventDate "2016.10.24"]
[EventType "tourn"]
[EventRounds "9"]
[EventCountry "GER"]
[EventCategory "8"]
[SourceTitle "EXT 2018"]
[Source "ChessBase"]
[SourceDate "2017.10.13"]
[SourceVersion "1"]
[SourceVersionDate "2017.10.13"]
[SourceQuality "1"]

1. c4 e6 2. Nf3 d5 3. d4 Nf6 4. Nc3 dxc4 5. e4 Bb4 6. Bxc4 Nxe4 7. O-O Nxc3 8.
bxc3 Be7 9. Ne5 O-O 10. Qg4 f5 11. Qf3 Kh8 12. Re1 Bd6 13. Bf4 g5 14. Bd2 g4
15. Qg3 Qf6 16. Bf4 Nd7 17. Bb3 Bxe5 18. Rxe5 Qg6 19. Rxe6 Nf6 20. Re7 Bd7 21.
Be5 Bc6 22. d5 Rae8 23. Rxc7 1-0

[Event "Hamburg HSK GM"]
[Site "Hamburg"]
[Date "2016.10.29"]
[Round "7"]
[White "Kollars, Dmitrij"]
[Black "Cuenca Jimenez, Jose Fernando"]
[Result "0-1"]
[WhiteElo "2491"]
[BlackElo "2529"]
[PlyCount "82"]
[EventDate "2016.10.24"]
[EventType "tourn"]
[EventRounds "9"]
[EventCountry "GER"]
[EventCategory "8"]
[SourceTitle "EXT 2018"]
[Source "ChessBase"]
[SourceDate "2017.10.13"]
[SourceVersion "1"]
[SourceVersionDate "2017.10.13"]
[SourceQuality "1"]

1. e4 e6 2. d4 d5 3. Nc3 Bb4 4. e5 c5 5. a3 Bxc3+ 6. bxc3 Ne7 7. Qg4 O-O 8. Bd3
c4 9. Bh6 Ng6 10. Bxg6 fxg6 11. Be3 Nc6 12. h4 Qe8 13. Ne2 Ne7 14. Kd2 Bd7 15.
h5 h6 16. Raf1 Rc8 17. Nf4 g5 18. Ne2 Nf5 19. Qh3 Ba4 20. g4 Nxe3 21. Qxe3 Rc7
22. f3 Rcf7 23. Rh3 Qe7 24. Ra1 Rc8 25. Rhh1 Qf8 26. Rhf1 Rc6 27. f4 Rb6 28.
Ra2 gxf4 29. Nxf4 Rb1 30. Rxb1 Rxf4 31. Kc1 Rf3 32. Qd2 Rf1+ 33. Kb2 Rf2 34.
Qe3 Rxc2+ 35. Ka1 Bb3 36. Rxb3 cxb3 37. Rxc2 Qxa3+ 38. Kb1 bxc2+ 39. Kxc2 Qa2+
40. Kc1 Qg2 41. Qf4 b5 0-1

[Event "Hamburg HSK GM"]
[Site "Hamburg"]
[Date "2016.10.29"]
[Round "8"]
[White "Cuenca Jimenez, Jose Fernando"]
[Black "Feuerstack, Aljoscha"]
[Result "0-1"]
[WhiteElo "2529"]
[BlackElo "2449"]
[PlyCount "88"]
[EventDate "2016.10.24"]
[EventType "tourn"]
[EventRounds "9"]
[EventCountry "GER"]
[EventCategory "8"]
[SourceTitle "EXT 2018"]
[Source "ChessBase"]
[SourceDate "2017.10.13"]
[SourceVersion "1"]
[SourceVersionDate "2017.10.13"]
[SourceQuality "1"]

1. d4 d5 2. Nf3 Nf6 3. c4 c6 4. e3 Bf5 5. Nc3 e6 6. Nh4 Bg6 7. Nxg6 hxg6 8. a3
Bd6 9. c5 Bc7 10. g3 e5 11. Bg2 Nbd7 12. b4 a6 13. Bd2 Nf8 14. f4 exd4 15. exd4
Ne6 16. Be3 Qe7 17. Qe2 O-O 18. O-O Rfe8 19. Rae1 Qd7 20. Qd1 a5 21. b5 cxb5
22. Qb3 Nxc5 23. dxc5 d4 24. Qxb5 Rxe3 25. Rxe3 dxe3 26. c6 Qe7 27. cxb7 Rd8
28. a4 e2 29. Nxe2 Qe3+ 30. Kh1 Ne4 31. Bh3 Bb6 32. Bd7 Nf2+ 33. Rxf2 Qxf2 34.
h4 Ba7 35. Qd3 Kh8 36. Qb5 Kh7 37. h5 Qf3+ 38. Kh2 gxh5 39. Bc6 Qg4 40. Kg2 h4
41. Be4+ g6 42. Qc4 Kh6 43. Qb5 f5 44. b8=Q Rxb8 0-1

[Event "Hamburg HSK GM"]
[Site "Hamburg"]
[Date "2016.10.30"]
[Round "9"]
[White "Van Delft, Merijn"]
[Black "Cuenca Jimenez, Jose Fernando"]
[Result "1-0"]
[WhiteElo "2384"]
[BlackElo "2529"]
[PlyCount "73"]
[EventDate "2016.10.24"]
[EventType "tourn"]
[EventRounds "9"]
[EventCountry "GER"]
[EventCategory "8"]
[SourceTitle "EXT 2018"]
[Source "ChessBase"]
[SourceDate "2017.10.13"]
[SourceVersion "1"]
[SourceVersionDate "2017.10.13"]
[SourceQuality "1"]

1. e4 e6 2. d4 d5 3. Nd2 c5 4. exd5 Qxd5 5. dxc5 Bxc5 6. Ngf3 Nf6 7. Bc4 Qh5 8.
Qe2 O-O 9. Nb3 Be7 10. Bg5 Nc6 11. O-O-O e5 12. Bxf6 Bxf6 13. h3 Re8 14. Nc5
Be7 15. Ne4 Be6 16. g4 Qh6+ 17. Kb1 Rad8 18. Bxe6 Qxe6 19. Ng3 Nb4 20. c4 Rc8
21. a3 Na6 22. Rd5 f6 23. g5 Nc7 24. Ra5 Qb6 25. gxf6 Qxa5 26. fxe7 Rxe7 27.
Nf5 Rd7 28. Nxe5 Re8 29. f4 Ne6 30. Qg4 Rc7 31. Nh6+ Kh8 32. Qh5 Qa4 33. Nef7+
Rxf7 34. Nxf7+ Kg8 35. Nd6 Re7 36. Qd5 Qc6 37. Re1 1-0

[Event "Madrid-chT 1617"]
[Site "Madrid"]
[Date "2017.01.22"]
[Round "6.22"]
[White "Moreno Ruiz, Javier"]
[Black "Cuenca Jimenez, Jose Fernando"]
[Result "1/2-1/2"]
[WhiteElo "2448"]
[BlackElo "2513"]
[PlyCount "106"]
[EventDate "2016.11.20"]
[EventType "team-tourn"]
[EventRounds "14"]
[EventCountry "ESP"]
[SourceTitle "EXT 2018"]
[Source "ChessBase"]
[SourceDate "2017.10.13"]
[SourceVersion "1"]
[SourceVersionDate "2017.10.13"]
[SourceQuality "1"]
[WhiteTeam "Collado Villalba"]
[BlackTeam "Virgen de Atocha"]
[WhiteTeamCountry "ESP"]
[BlackTeamCountry "ESP"]

1. d4 Nf6 2. Bf4 e6 3. e3 d5 4. Nd2 c5 5. c3 Nc6 6. Ngf3 Bd6 7. Bg3 O-O 8. Bd3
b6 9. e4 dxe4 10. Nxe4 Nxe4 11. Bxe4 Bb7 12. dxc5 Bxc5 13. Qa4 Rc8 14. Rd1 Qe7
15. O-O a5 16. Rfe1 h6 17. h4 Rfd8 18. h5 Rxd1 19. Qxd1 Rd8 20. Qe2 Qd7 21. Bh4
Re8 22. Rd1 Qc8 23. Qd2 f5 24. Bc2 e5 25. Qd7 e4 26. Qxc8 Rxc8 27. Rd7 Ba6 28.
Bb3+ Kh8 29. Bf6 gxf6 30. Nh4 Ne5 31. Ng6+ Nxg6 32. hxg6 Bxf2+ 33. Kxf2 Bc4 34.
Bxc4 Rxc4 35. Ke3 Rc5 36. Rf7 b5 37. Rxf6 Kg7 38. Rd6 b4 39. cxb4 axb4 40. Rb6
Rc2 41. Rxb4 Rxg2 42. a4 Rg3+ 43. Kf2 Rxg6 44. a5 Rd6 45. Ke3 Kf6 46. Ra4 Rd3+
47. Ke2 Rb3 48. Ra2 Ke5 49. a6 Rb8 50. a7 Ra8 51. Ra5+ Kd6 52. Ke3 Kc6 53. Rxf5
Rxa7 1/2-1/2

[Event "Madrid-chT 1617"]
[Site "Madrid"]
[Date "2017.02.05"]
[Round "8.21"]
[White "Valles Moreno, Ivan"]
[Black "Cuenca Jimenez, Jose Fernando"]
[Result "1/2-1/2"]
[WhiteElo "2438"]
[BlackElo "2513"]
[PlyCount "44"]
[EventDate "2016.11.20"]
[EventType "team-tourn"]
[EventRounds "14"]
[EventCountry "ESP"]
[SourceTitle "EXT 2018"]
[Source "ChessBase"]
[SourceDate "2017.10.13"]
[SourceVersion "1"]
[SourceVersionDate "2017.10.13"]
[SourceQuality "1"]
[WhiteTeam "Liberty Chess"]
[BlackTeam "Virgen de Atocha"]
[WhiteTeamCountry "ESP"]
[BlackTeamCountry "ESP"]

1. e4 e6 2. d4 d5 3. Nc3 Bb4 4. e5 c5 5. a3 Bxc3+ 6. bxc3 Ne7 7. Qg4 O-O 8. Bd3
c4 9. Bh6 Ng6 10. Bxg6 fxg6 11. Be3 Qe8 12. h4 Nc6 13. Nh3 Ne7 14. Nf4 h6 15.
h5 g5 16. Nh3 Nf5 17. Bd2 Qa4 18. Qd1 Bd7 19. O-O Rf7 20. g4 Ne7 21. f4 Raf8
22. Be3 Qa6 1/2-1/2